| 000 | 00000nam##2200000za#4500 |
| 001 | 9.646799 |
| 003 | CaOODSP |
| 005 | 20200401074813 |
| 007 | ta |
| 008 | 150407|1997||||xxc||||| f|0| 0 eng|d |
| 020 | |a0-662-26416-9 |
| 040 | |aCaOODSP|beng |
| 043 | |an-cn--- |
| 086 | 1 |aF2-121/1-1997E |
| 110 | 1 |aCanada.|bDepartment of Finance.|bMinister of Finance. |
| 245 | 10|aDraft income tax regulations and explanatory notes : |binsurance companies / |cIssued by the Minister of Finance. |
| 260 | |aOttawa - Ontario : |bFinance Canada. |c1997. |
| 300 | |a77p. ; |c23 cm. |
| 563 | |aSoftcover |
| 590 | |a98-01|b1998-01-02 |
| 775 | 08|tAvant-projet de modification du Règlement de l'impôt sur le revenu et notes explicatives : |w(CaOODSP)9.680310 |
| 776 | 0#|tDraft income tax regulations and explanatory notes : |w(CaOODSP)9.696415 |